000 00789nas a2200265 4500
001 BR9605781
003 BR-BrBNA
005 20231205095850.0
007 ta
008 230509b bl.|||p| |||| 00| 00por d
040 _aBR-BrBNA
_bpor
_cBiblioteca Nacional de Agricultura
041 _a(Pt)
072 _aH10
100 1 _aMayrink, J.C.
100 1 _aCruz, I.
100 1 _aSalgado, L.O.
245 1 _aControle de larvas de Spodoptera frugiperda com compostos inseticidas aplicados via torre de pulverizacao
650 _aLagarta
650 _aInseticida
650 _aPulverizacao
650 _aControle Quimico
773 0 _tEcossistema (Brazil)
_xISSN 0100-4107
_g(Oct 1995), v. 20 p. 58-62
_wBR9605781
909 _a202311
_bLúcia
_c55
_dLúcia Elande
942 _2AGRIS
_n0
_cANA
999 _c153161
_d153161